| 000 | 00676nam a2200253Ia 4500 | ||
|---|---|---|---|
| 003 | OSt | ||
| 005 | 20221007073523.0 | ||
| 006 | a|||||r|||| 00| 0 | ||
| 007 | ta | ||
| 008 | 221006b |||||||| |||| 00| 0 eng d | ||
| 024 | _a9,588 | ||
| 037 | _cReference Collections | ||
| 040 |
_aFLL _cFLL _beng |
||
| 041 |
_2eng _aeng |
||
| 082 | _aZ2,87, N4 | ||
| 100 |
_aSingh's S.D. _9692276 |
||
| 245 | 0 | _aLaw of arbitration | |
| 250 | _a10th | ||
| 260 |
_aLucknow _bEastern Book Company India _c1994 |
||
| 300 |
_a1054p _ccm. |
||
| 700 | _a Mathur G.C. | ||
| 942 |
_hZ2,87, N4 _cREF _2CC |
||
| 999 |
_c1149011 _d1149011 |
||